00668nam a22002058a 450000500170000000800410001701000140005802000260007203500130009803700150011104000180012608200150014410000190015924500730017826000400025130000210029150000500031265000570036265000430041920090623155019.0070430s2007 enk b 101 0 eng  aENG-94194 a9788125036838c595.00 aEN-77727 bDBAD / PUB adplbEnglish  a303.690954 aWeber, Thomas  aThe Shanti Sena:bphilosophy, history and action /cby Thomas Weber  aNew Delhi bOrient Blackswan c2009 a290p. c23cm(Hb) aIncludes bibliographical references and index aPeacezIndiaxSocieties, etc.xHistoryy20th century aPeace movementsxHistoryy20th century